| 000 | 00573nam a22001937a 4500 | ||
|---|---|---|---|
| 003 | OSt | ||
| 005 | 20260522093636.0 | ||
| 008 | 260522b |||||||| |||| 00| 0 eng d | ||
| 040 | _cAL | ||
| 041 | _aeng | ||
| 082 |
_a334.22 _bSACS |
||
| 100 |
_aSACTCC Society _9264276 |
||
| 245 |
_aSt Aloysius College Teachers Cooperative Credit Society Ltd Mangalore 575003 _b: Golden Jubliee Souvenir |
||
| 260 |
_aMangalore _bSACTCC Society Ltd _c2026 |
||
| 300 |
_a70p _bPB _c24x18cm |
||
| 365 | _2Commerce | ||
| 650 |
_aCelebrating 50 years 1976-2026 _9264277 |
||
| 942 |
_2ddc _cDB |
||
| 999 |
_c241486 _d241486 |
||